Úprava životného štýlu v prevencii a liečbe hypertenzie

Bibliographic Details
Format: Article
Language:Slovak
PhysicalDescription:Fotogr., tab.
ISSN:1335-4477
Subjects:

MARC

LEADER 00000nab a2200000 a 4500
001 vtls008295519
003 SK-MaSNL
005 20260304214819.0
008 160329c2005 xo wrzp 0 0slo
015 |a SNBRB2005/08  |2 snkbucl 
040 |a SNKBUCL  |b slo  |c SNKBUCL  |e AACR2 
041 0 |a slo 
044 |a xo  |c SK 
080 |a 616.12-008.33-08  |2 1997 
245 0 0 |a Úprava životného štýlu v prevencii a liečbe hypertenzie  |c [spracoval] (mar) 
300 |b Fotogr., tab. 
650 0 7 |a hypertenzia  |2 SNKPH  |9 2490 
650 0 7 |a prevencia ochorení  |2 SNKPH  |9 69501 
650 0 7 |a terapia  |2 SNKPH  |9 781 
773 0 |t Zdravotnícke noviny  |g Roč. X, č. 21 (2005)  |x 1335-4477 
773 0 8 |t Kompendium medicíny  |g S. 6-12 
852 |a SNK  |b KIS3GCP 
958 |a MI 
999 |c 3143390  |d 3145320